书目信息 |
| 题名: |
马克思主义哲学史教学资料选编
|
|
| 作者: | 庄福龄 , 黄枏森 主编 | |
| 分册: | 下册 | |
| 出版信息: | 北京 北京大学出版社 1984 |
|
| 页数: | 967-1472页 | |
| 开本: | 21cm | |
| 丛书名: | ||
| 单 册: | ||
| 中图分类: | B17 | |
| 科图分类: | ||
| 主题词: | 马克思主义哲学--发展--世界 , 马克思主义哲学--传播--世界 | |
| 电子资源: | ||
| ISBN: | ||
| 000 | 00791nam0 2200253 45 | |
| 001 | 0184010254 | |
| 005 | 20051229101600.26 | |
| 010 | @dCNY1.85 | |
| 091 | @a2209.27 | |
| 100 | @a19950626d1984 em y0chiy0121 ea | |
| 101 | 0 | @achi |
| 102 | @aCN@b110000 | |
| 105 | @ay z 000yy | |
| 200 | 10 | @a马克思主义哲学史教学资料选编@Ama ke si zhu yi zhe xue shi jiao xue zi liao xuan bian@h下册@f黄枏森,庄福龄主编@Fhuang nan sen,zhuang fu ling zhu bian |
| 210 | @a北京@c北京大学出版社@d1984 | |
| 215 | @a967-1472页@d21cm | |
| 606 | 0 | @a马克思主义哲学@x发展@x世界 |
| 606 | 0 | @a马克思主义哲学@x传播@x世界 |
| 690 | @aB17@v3 | |
| 701 | 0 | @a庄福龄@4主编 |
| 701 | 0 | @a黄枏森@Ahuang nan sen@4主编 |
| 801 | 2 | @aCN@bNLC@c20051229 |
| 801 | 0 | @aCN@b上海图书馆@c20040508 |
| 905 | @dB17@e9:3@f1@b110985 | |
| 马克思主义哲学史教学资料选编.下册/黄枏森,庄福龄主编.-北京:北京大学出版社,1984 |
| 967-1472页;21cm |
| ISBN :CNY1.85 |
| ● |
| 相关链接 |
|
|
|
|
正题名:马克思主义哲学史教学资料选编
索取号:B17/9:3
 
预约/预借
| 序号 | 登录号 | 条形码 | 馆藏地/架位号 | 状态 | 备注 |
| 1 | 0110984 | 001124526 | 第一借阅区/ [索取号:B17/9:3] | 在馆 | |
| 2 | 0110985 | 001994701 | 第一样本阅览室/ [索取号:B17/9:3] | 在馆 | |
| 3 | 0110986 | 202183939 | 密集书库/ [索取号:B17/9:3] | 在馆 |